| 000 | 00000nam##2200000za#4500 |
| 001 | 9.601679 |
| 003 | CaOODSP |
| 005 | 20210624210204 |
| 007 | cr ||||||||||| |
| 008 | 150406|2008||||xxc|||||o f|0| 0 fre|d |
| 040 | |aCaOODSP|bfre |
| 043 | |an-cn--- |
| 086 | 1 |aYC17-0/392-16F-PDF |
| 110 | 1 |aCanada. |bParlement. |bSénat. |bComité sénatorial permanent des affaires sociales, des sciences et de la technologie. |
| 245 | 10|aRéaliser le potentiel des sciences et de la technologie au profit du Canada / |h[ressource électronique]|cL'honorable Art Eggleton, C.P., président ; l'honorable Wilbert J. Keon, vice-président. |
| 246 | 3 |aSeizième rapport du Comité sénatorial permanent des affaires sociales, des sciences et de la technologie |
| 260 | |aOttawa - Ontario : |bSénat. |cAvril 2008. |
| 300 | |a20p.|bréférences, tableau |
| 490 | 1 |aRapport du Comité sénatorial permanent des Affaires sociales, des sciences et de la technologie|v39e législature, 2e session, 16e rapport |
| 590 | |a11-12-Supp|b2011-07-29 |
| 775 | 08|tMobilizing science and technology to Canada's advantage / |w(CaOODSP)9.571036 |
| 830 | #0|aRapport du Comité sénatorial permanent des affaires sociales, des sciences et de la technologie ;|v39e législature, 2e session, 16e rapport|w(CaOODSP)9.501656 |
| 856 | 40|ahttp://publications.gc.ca|qPDF|s102 Ko|uhttps://publications.gc.ca/collections/collection_2011/sen/yc17-0/YC17-0-392-16-fra.pdf|y39e législature, 2e session, 16e rapport |